Score 0/16 Timer 01:30
4 Plays Today
Clue 4-Letter Word % Correct
180° from rightLEFT
92%
Mailed a letterSENT
91.3%
To move something upwardsLIFT
89.9%
A large, black birdCROW
89.2%
Not straightBENT
89.2%
Increase in sizeGROW
88.8%
Move, as water doesFLOW
88.6%
Chair or pew, e.g.SEAT
87.8%
Clue 4-Letter Word % Correct
Shine brightlyGLOW
86.2%
An imperfectionFLAW
85%
Let fall to the groundDROP
81.6%
Smooth and levelFLAT
80.8%
Agricultural produceCROP
80.6%
A bold and daring deedFEAT
80.2%
The topmost oneBEST
64.5%
For fear thatLEST
63.5%

Today's Daily Dose

Remove Ads.
Support Sporcle.
Get the best of Sporcle when you Go Orange. This ad-free experience offers more features, more stats, and more fun while also helping to support Sporcle. Thank you for becoming a member.

You're not logged in!

Compare scores with friends on all Sporcle quizzes.
OR
Log In

Show Comments

Extras

Top Quizzes Today


Score Distribution

Your Account Isn't Verified!

In order to create a playlist on Sporcle, you need to verify the email address you used during registration. Go to your Sporcle Settings to finish the process.

Report this User

Report this user for behavior that violates our Community Guidelines.

Details: